NURSING FOUNDATION : CONCEPTS & PERSPECTIVES FOR POST BASIC B SC. NURSING (Record no. 21886)

MARC details
000 -LEADER
fixed length control field 00399nam a22001577a 4500
003 - CONTROL NUMBER IDENTIFIER
control field SGT
020 ## - INTERNATIONAL STANDARD BOOK NUMBER
International Standard Book Number 9789351527886
082 ## - DEWEY DECIMAL CLASSIFICATION NUMBER
Classification number 610.73
Item number N15V
100 ## - MAIN ENTRY--PERSONAL NAME
Personal name VATI, JOGENDRA
245 ## - TITLE STATEMENT
Title NURSING FOUNDATION : CONCEPTS & PERSPECTIVES FOR POST BASIC B SC. NURSING
250 ## - EDITION STATEMENT
Edition statement 1ST
260 ## - PUBLICATION, DISTRIBUTION, ETC. (IMPRINT)
Place of publication, distribution, etc INDIA
Name of publisher, distributor, etc JAYPEE PUB
Year of Publication 2015
300 ## - PAGE DESCRIPTION
No. of Pages 350
650 ## - SUBJECT ADDED ENTRY--TOPICAL TERM
Topical term or geographic name as entry element NURSING FOUNDATION
942 ## - ADDED ENTRY ELEMENTS (KOHA)
Source of classification or shelving scheme Dewey Decimal Classification
Koha item type Books
942 ## - ADDED ENTRY ELEMENTS (KOHA)
-- 13
Holdings
Withdrawn status Lost status Source of classification or shelving scheme Damaged status Not for loan Collection code Home library Current library Shelving location Date acquired Vendor Name Cost, normal purchase price SGTU Bill Number Total Checkouts Full call number Accession No. (Barcode) Date last seen Date last borrowed Bill Date Koha item type
    Dewey Decimal Classification     NURSING SGT Medical Library SGT Medical Library Text Book 28/09/2021 JAYPEE PUB 695.00 SGTU N5/INV/-1/2100076 4 610.73 N15V FN4226 09/06/2025 09/06/2025   Books
    Dewey Decimal Classification     NURSING SGT Medical Library SGT Medical Library Text Book 28/09/2021 JAYPEE PUB 695.00 SGTU N5/INV/-1/2100076 5 610.73 N15V FN4227 04/04/2026 30/03/2026   Books
    Dewey Decimal Classification     NURSING SGT Medical Library SGT Medical Library Text Book 28/09/2021 JAYPEE PUB 695.00 SGTU N5/INV/-1/2100076 2 610.73 N15V FN4228 02/02/2023 02/02/2023   Books
    Dewey Decimal Classification     NURSING SGT Medical Library SGT Medical Library Text Book 28/09/2021 JAYPEE PUB 695.00 SGTU N5/INV/-1/2100076 8 610.73 N15V FN4229 06/04/2026 30/03/2026   Books
    Dewey Decimal Classification     NURSING SGT Medical Library SGT Medical Library Text Book 28/09/2021 JAYPEE PUB 695.00 SGTU N5/INV/-1/2100076 2 610.73 N15V FN4230 03/04/2026 31/03/2026   Books